| 000 | 00592nam a22002537a 4500 | ||
|---|---|---|---|
| 999 |
_c14392 _d14392 |
||
| 003 | OSt | ||
| 005 | 20241010152751.0 | ||
| 008 | 191123s9999 xx 000 0 und d | ||
| 020 | _a9789878436722 | ||
| 040 | _cAcademia Nacional de Bellas Artes | ||
| 100 | _aAbraham, Luis, | ||
| 245 | _aEl cine y las artes visuales | ||
| 260 |
_aBuenos Aires _bZeta ediciones _c2021 |
||
| 300 |
_a430 p. _bsin ilustrar |
||
| 600 | _aAUDISIO, ROSA, | ||
| 650 | _aCINE | ||
| 650 | _aARTES VISUALES | ||
| 902 | _aM | ||
| 903 | _am | ||
| 904 | _am | ||
| 907 | _aimpreso | ||
| 942 |
_2ddc _cLIBRO |
||